00928nam a2200277 i 4500001000300000003000400003005001700007008003900024015001700063020001500080040000800095041000800103080001200111080000900123100003500132245014600167260009600313300004000409504001400449650001300463655001700476650001400493700002300507700002200530856009800552bgBPK20201216090818.0041202s2004 pl f f |000 0 pol aPB 8893/2005 a8388469924 cBPK0 apol a575/577 a(07)1 aŚlęzak, Andrzejd(1952- ).10aKompendium z biologii z elementami biofizyki /cred. nauk. Andrzej Ślęzak ; [aut. Andrzej Ślęzak, Aleksandra Zyska, Arkadiusz Bryll]. aCzęstochowa :bWydawnictwa Wydziału Zarządzania Politechniki Częstochowskiej,c2004. a77, [1] s. :brys., wykr. ;c24 cm. aBibliogr. 4aBiologia 4aPodręcznik 4aBiofizyka1 aZyska, Aleksandra.1 aBryll, Arkadiusz. uhttp://koha.tu.koszalin.pl/cgi-bin/koha/opac-detail.pl?biblionumber=46004yKatalog online BPK